000 00779cam a2200277 4500500
005 20260405000244.0
041 _afre
042 _adc
100 1 0 _aMoreau, Anne-Sophie
_eauthor
700 1 0 _aGuillot, Apolline
_eauthor
245 0 0 _a“On court le risque d’une faillite bancaire généralisée”
260 _c2023.
500 _a21
690 _aCapitalisme
690 _aÉconomie
690 _aFinance
690 _aIndustrie
690 _aMacroéconomie
690 _aMondialisation
690 _aPolitique
690 _aProspective
690 _aRisque
690 _aStratégie
786 0 _nPhilonomist | - | 3 | 2023-02-21 | p. 23-33
856 4 1 _uhttps://shs.cairn.info/magazine-philonomist-2023-3-page-23?lang=fr&redirect-ssocas=7080
999 _c2035215
_d2035215